Slnko vystúpilo nad hory

Bibliographic Details
Main Author: Ondrejov, Ľudo, 1901-1962 (Author)
Format: Book
Language:Slovak
Published: Bratislava Slovenský spisovateľ 1962

MARC

LEADER 00000nam a2200000 a 4500
001 vtls008562184
003 SK-MaSNL
005 20260301075856.0
008 000706e1962 xx g slo
035 |a SAVUKc152560 
040 |a SNK  |b slo  |c SNK  |e AACR2 
041 1 |a slo 
100 1 |a Ondrejov, Ľudo,  |d 1901-1962  |4 aut  |9 56066 
245 1 0 |a Slnko vystúpilo nad hory  |c Ľudo Ondrejov 
260 |a Bratislava  |b Slovenský spisovateľ  |c 1962 
999 |c 651521  |d 653451 
952 |a SNK  |b SNK  |y PREZ  |7 0  |o snkSD 22554  |i snkKSP 4077/62  |0 0  |1 0  |4 0  |d 2024-09-19  |l 0  |r 2026-02-23 18:24:08  |w 2026-02-23 
952 |a SNK  |b SNK  |y VYP  |7 0  |o snkSD 22554 D1  |i snkKSP 4078/62  |0 0  |1 0  |4 0  |d 2024-09-19  |l 0  |r 2026-02-23 18:24:09  |w 2026-02-23